000 01006nmc a2200313 a 4500
003 AR-BaBNM
005 20251128205136.0
008 301020s1993 ||||||||||||||000 | spa||
020 _a8-277-1025-9
040 _cAR-BaBNM
100 1 _aSánchez Brito, María del Carmen
245 1 0 _aLa música de la poesía y la poesía de la música
250 _a1ª ed.
260 _aMadrid
_bNarcea
_bMinisterio de Educación y Ciencia
_c1993
300 0 _a114 p.
_bil., diagr.
_e1 casete
490 0 _aMateriales 12-16 para Educación Secundaria. Lengua y Literatura
500 1 _aSolicitar el material complementario en Mediateca no. 775066, 775067 o 775068
504 _aBibliografía: p. 113
650 4 _aPOESIA
650 4 _aEDUCACION MUSICAL
650 4 _aFORMACION DE DOCENTES
651 4 _aEspaña
653 0 _aENSENANZA DE LA LENGUA
653 0 _aENSENANZA DE LA LITERATURA
653 0 _aEDUCACION GENERAL BASICA
653 0 _aEDUCACION POLIMODAL
942 _cBK
998 _cSILVI
999 _c10166
_d10166